| 000 | 01562cam a2200409 i 4500 | ||
|---|---|---|---|
| 001 | 22212374 | ||
| 003 | OSt | ||
| 005 | 20260213111216.0 | ||
| 008 | 210901s2019 tnu 000 0 eng d | ||
| 010 | _a 2020277600 | ||
| 020 | _a0805499423 | ||
| 020 | _a9780805499421 | ||
| 035 | _a22212374 | ||
| 035 | _a(OCoLC)1089257720 | ||
| 040 |
_aYDX _beng _cYDX _erda _dCLE _dOCLCF _dOCLCQ _dBDX _dDTM _dDLC |
||
| 042 | _alccopycat | ||
| 050 | 0 | 0 |
_aBS491.3 _b.E83 2019 |
| 100 | 1 |
_aEvans, Tony, _d1949- _eauthor. |
|
| 245 | 1 | 4 | _aThe Tony Evans Bible commentary. |
| 264 | 1 |
_aNashville, Tennessee : _bHolman Bible Publishers, _c[2019] |
|
| 300 |
_a1429 pages ; _c24 cm |
||
| 336 |
_atext _btxt _2rdacontent |
||
| 337 |
_aunmediated _bn _2rdamedia |
||
| 338 |
_avolume _bnc _2rdacarrier |
||
| 490 | 1 | _aHolman reference | |
| 500 | _a"Some material in the Bible book introductions was previously published in the Holman illustrated Bible commentary ... used by permission"--Title page verso. | ||
| 630 | 0 | 0 |
_aBible _vCommentaries. |
| 630 | 0 | 7 |
_aBible. _2fast _0(OCoLC)fst01356024 |
| 655 | 7 |
_aCommentaries. _2fast _0(OCoLC)fst01423723 |
|
| 655 | 7 |
_aCommentaries. _2lcgft _0https://id.loc.gov/authorities/genreForms/gf2025026014 |
|
| 730 | 0 | 2 |
_aHolman illustrated bible commentary. _iIncludes information from (work): |
| 830 | 0 | _aHolman reference. | |
| 906 |
_a7 _bcbc _ccopycat _d2 _encip _f20 _gy-gencatlg |
||
| 942 |
_2lcc _cBK |
||
| 999 |
_c21205 _d21204 |
||